000 00775 a2200205 4500
010 _aENG-85254
020 _a8170634660
_c200.00
035 _aEN-68787
037 _bD.B.Act / Pub
082 1 4 _a510
090 _c1883
_d1883
100 1 _aSiddiqi, M. N.
245 1 _aTeachers handbook in elementary mathematics
_cby M. N. Siddiqi and R. K . Miglani
_bfor DIETs-ETE Ist and IInd year (a teachers guide for pre-service and in-service teacher)
260 _aNew Delhi
_bArya Book Depot
_c2007
270 _a30, Naiwala, Karol Bagh
_bNew Delhi
_cDelhi
_e110005
_k25721221
_l25746324
300 _a449 p.
_c22 cm. (Pbk)
700 1 _aMiglani, M. N.
942 _adpl
_cEN
_k510 / SID
999 _c1851
_d1851